000
00285nam a22001337a 4500
003
SGT
082
_a
616.0757
_b
R19J
100
_a
JYOTI
245
_a
ROLE OF MR MYCLOGRAPHY EVALUATION OF SYMPTOMATC
260
_a
SGTU
_c
2019
300
_a
77
650
_a
RADIOLOGY
942
_2
ddc
_c
TH
999
_c
20766
_d
20766